Statistics for Navies of landlocked countries

Click here to take the quiz!

General Stats

  • This quiz has been taken 22 times
  • The average score is 6 of 9

Answer Stats

Answer% Correct
Bolivia
95%
Kazakhstan
71%
Paraguay
71%
Azerbaijan
62%
Laos
57%
Turkmenistan
57%
Central African Republic
52%
Rwanda
52%
Uganda
52%

Score Distribution

Percentile by Number Answered

Percent of People with Each Score

Your Score History

You have not taken this quiz